000 00218nam a22000857a 4500
008 160912b xxu||||| |||| 00| 0 eng d
100 _9412
_aDoshi D
245 _aScience Today-VII
260 _aNew Delhi
_bC.P publication
_c2011
999 _c3070
_d3070